| 000 | 00907aaa a2200253 a 4500 | ||
|---|---|---|---|
| 001 | 78407 | ||
| 003 | BD-RjUL | ||
| 005 | 20211209083127.0 | ||
| 008 | 210919s20041425ir ||||| |||| 001 e eng d | ||
| 020 | _a964824118X | ||
| 035 | _a(BD-RjUL)78633 | ||
| 040 |
_aBD-RjUL _beng _cBD-RjUL |
||
| 041 | _aara | ||
| 082 |
_223 _a891.55 _bSAR 2004 |
||
| 100 | 1 |
_aسعدي, الشيرازي ;; Saʻdī.; Shiraji _9248125 |
|
| 245 | 1 | 0 |
_a روضة الورد [گلستان] ;; Rawdat alward [gulistan] / _cسعدى الشيرازي ;; Saada Shirazi ; ترجمه محمد الفراتى ;; Muhammad Al-Furati |
| 260 |
_aتهران : _bفرهنگ مشرق زمین , _c2004 |
||
| 260 |
_aTehran : _bFarhang Mashriq, , _c2004 |
||
| 300 |
_a344 p. ; _c16 cm |
||
| 650 |
_aنثر فارسي _9248126 |
||
| 650 |
_aPersian prose _9248127 |
||
| 700 |
_a ترجمه, الفراتي, محمد _9248128 |
||
| 942 |
_2ddc _cBK |
||
| 999 |
_c78407 _d78407 |
||